| 000 | 00576nam a2200229Ia 4500 | ||
|---|---|---|---|
| 003 | OSt | ||
| 005 | 20220924140414.0 | ||
| 006 | a|||||r|||| 00| 0 | ||
| 007 | ta | ||
| 008 | 220923b |||||||| |||| 00| 0 ben d | ||
| 024 | _a294973 | ||
| 037 | _cTextual | ||
| 040 |
_aARTS _cARTS _bben |
||
| 041 |
_2ben _aben |
||
| 082 | _aO152,3M80x, 157J2 | ||
| 100 |
_aPremchand _964091 |
||
| 245 | 0 | _aPremchander galpa | |
| 260 | _c1952 | ||
| 650 |
_aHINDI LITERATURE _923866 |
||
| 942 |
_hO152,3M80x, 157J2 _cTEXL _2CC |
||
| 999 |
_c444147 _d444147 |
||